[Event "Wch Juvenil 2013 sub-16 femenino"]
[Site "Al-Ain UAE"]
[Date "2013.12.27"]
[Round "10.8"]
[White "Choladze, Mariam"]
[Black "Ivanova, Simoneta"]
[Result "1-0"]
[WhiteElo "1900"]
[BlackElo "2049"]
[PlyCount "103"]
[EventDate "2013.12.19"]
[EventType "swiss"]
[EventRounds "11"]
[EventCountry "UAE"]
[Source "lmi"]
[SourceDate "2013.12.19"]

1. e4 e5 2. Nf3 Nc6 3. Bb5 a6 4. Ba4 Nge7 5. c3 g6 6. d4 exd4 7. cxd4 b5 8. Bb3
Bg7 9. O-O Na5 10. Nc3 Nxb3 11. axb3 Bb7 12. d5 d6 13. Be3 O-O 14. Bd4 f6 15.
Be3 b4 16. Ne2 Qd7 17. Nfd4 c5 18. Ne6 Rf7 19. Nxg7 Kxg7 20. Nf4 Kg8 21. Ne6 f5
22. f3 Re8 23. Qe1 Bxd5 24. Ng5 Rg7 25. exd5 Nxd5 26. Qd2 Nxe3 27. Rfe1 Rge7
28. Rxa6 d5 29. Rea1 d4 30. h4 d3 31. Nh3 Qd4 32. Nf2 Nc2 33. Rf1 Re3 34. h5
gxh5 35. Rh6 Qf4 36. Rxh5 Nd4 37. Nxd3 Qg3 38. Nxc5 Nxf3+ 39. Rxf3 Re1+ 40. Rf1
Kh8 41. Qd4+ Kg8 42. Rhxf5 Rxf1+ 43. Rxf1 Qe3+ 44. Qxe3 Rxe3 45. Kf2 Re5 46.
Rc1 Rd5 47. Ke3 Rg5 48. Rc2 Kf7 49. Ne4 Rg4 50. g3 h5 51. Rc4 h4 52. Nd6+ 1-0

[Event "Wch Juvenil 2013 sub-16 femenino"]
[Site "Al-Ain UAE"]
[Date "2013.12.27"]
[Round "10.9"]
[White "Paredes Bustamante, Paula"]
[Black "Heinemann, Josefine"]
[Result "0-1"]
[WhiteElo "1994"]
[BlackElo "2008"]
[PlyCount "114"]
[EventDate "2013.12.19"]
[EventType "swiss"]
[EventRounds "11"]
[EventCountry "UAE"]
[Source "lmi"]
[SourceDate "2013.12.19"]

1. e4 c5 2. Nf3 d6 3. d4 cxd4 4. Nxd4 Nf6 5. Nc3 a6 6. Be2 e6 7. Be3 Nbd7 8.
O-O b5 9. f3 Bb7 10. a3 Be7 11. Qe1 O-O 12. Rd1 Re8 13. Nb3 d5 14. Bd3 dxe4 15.
Nxe4 Nxe4 16. Bxe4 Bxe4 17. fxe4 Qc7 18. Qf2 Rf8 19. Bd4 Bf6 20. c3 Be5 21.
Bxe5 Nxe5 22. h3 Nc4 23. Nc5 Qb6 24. Rd7 Ne5 25. Rdd1 Nc4 26. b3 Ne5 27. Nd7
Qxf2+ 28. Kxf2 Nxd7 29. Rxd7 Rac8 30. Rc1 Rc6 31. Ke3 Rfc8 32. Kd2 g5 33. Rd3
Kg7 34. c4 bxc4 35. Rdc3 Rd6+ 36. Ke3 f5 37. Rxc4 Rcd8 38. exf5 exf5 39. Rc7+
Kg6 40. R7c6 Re8+ 41. Kf3 Ree6 42. Rxd6 Rxd6 43. Rc3 h5 44. b4 g4+ 45. Kg3 Kg5
46. a4 h4+ 47. Kf2 Rd2+ 48. Kf1 Rb2 49. Rc4 g3 50. a5 Rf2+ 51. Kg1 Rb2 52. Kf1
Rb1+ 53. Ke2 Rg1 54. b5 axb5 55. Rc5 Rxg2+ 56. Kf1 Rf2+ 57. Kg1 b4 0-1

[Event "Wch Juvenil 2013 sub-16 femenino"]
[Site "Al-Ain UAE"]
[Date "2013.12.27"]
[Round "10.10"]
[White "Fiadosenka, Rahneda"]
[Black "Blagojevic, Tijana"]
[Result "0-1"]
[WhiteElo "1845"]
[BlackElo "2019"]
[PlyCount "68"]
[EventDate "2013.12.19"]
[EventType "swiss"]
[EventRounds "11"]
[EventCountry "UAE"]
[Source "lmi"]
[SourceDate "2013.12.19"]

1. Nf3 d5 2. b3 c6 3. Bb2 Bg4 4. e3 Nd7 5. Be2 Ngf6 6. d3 e6 7. Nbd2 Bd6 8. c4
Qe7 9. a3 O-O 10. h3 Bh5 11. O-O e5 12. Nh4 Bxe2 13. Qxe2 Qe6 14. e4 g6 15.
Rfe1 dxe4 16. Nxe4 Nxe4 17. dxe4 a5 18. Nf3 Rfd8 19. Qe3 f6 20. Red1 Nc5 21.
Nd2 Be7 22. Nf3 a4 23. Nd2 Rd3 24. Qe2 axb3 25. Rac1 Rad8 26. Bc3 Qd7 27. Bb4
Kf7 28. Rf1 Rxd2 29. Bxd2 Qxd2 30. Qg4 Qf4 31. Qxf4 exf4 32. Rb1 Nxe4 33. Rfe1
Nd2 34. Rb2 Bxa3 0-1

[Event "Wch Juvenil 2013 sub-16 femenino"]
[Site "Al-Ain UAE"]
[Date "2013.12.27"]
[Round "10.14"]
[White "Parnali, S Dharia"]
[Black "Shakhmurzova, Fatima"]
[Result "1/2-1/2"]
[WhiteElo "1895"]
[BlackElo "1983"]
[PlyCount "78"]
[EventDate "2013.12.19"]
[EventType "swiss"]
[EventRounds "11"]
[EventCountry "UAE"]
[Source "lmi"]
[SourceDate "2013.12.19"]

1. d4 f5 2. Bg5 g6 3. e3 Bg7 4. Nf3 Nf6 5. Bd3 O-O 6. O-O d6 7. Nbd2 Nbd7 8.
Qe2 e5 9. Bc4+ Kh8 10. e4 f4 11. dxe5 dxe5 12. Be6 Qe8 13. Bh3 Ng8 14. Rfd1 h6
15. Bh4 Nb6 16. Bxc8 Rxc8 17. Nb3 g5 18. Bxg5 hxg5 19. Nxg5 Qg6 20. Nf3 Bf6 21.
Nc5 Nh6 22. a4 Rg8 23. Ne1 Be7 24. Nxb7 Rb8 25. a5 Rxb7 26. axb6 cxb6 27. Rd3
Bc5 28. Rh3 Rh7 29. Qf3 Rgg7 30. Rd1 Be7 31. Rd7 Bf6 32. Rxg7 Qxg7 33. Qc3 Ng8
34. Rd3 Qb7 35. Rd5 Ne7 36. Rd6 Ng8 37. Rd5 Ne7 38. Rd6 Ng8 39. Rd5 Ne7 1/2-1/2

[Event "Wch Juvenil 2013 sub-16 femenino"]
[Site "Al-Ain UAE"]
[Date "2013.12.27"]
[Round "10.15"]
[White "Franca, Veronika"]
[Black "Mendoza, Shania Mae"]
[Result "1/2-1/2"]
[WhiteElo "1965"]
[BlackElo "1867"]
[PlyCount "59"]
[EventDate "2013.12.19"]
[EventType "swiss"]
[EventRounds "11"]
[EventCountry "UAE"]
[Source "lmi"]
[SourceDate "2013.12.19"]

1. d4 Nf6 2. c4 e6 3. Nc3 Bb4 4. e3 c5 5. Bd3 Nc6 6. Nf3 O-O 7. O-O Bxc3 8.
bxc3 d6 9. e4 e5 10. d5 Ne7 11. Nh4 Ng6 12. Nf5 Re8 13. Qf3 Bxf5 14. Qxf5 Qc8
15. Qf3 Qg4 16. Qxg4 Nxg4 17. f3 Nf6 18. g3 h6 19. Rb1 Re7 20. Rb2 Rc8 21. Re2
Rce8 22. Rfe1 Nh5 23. Bc2 Kh7 24. Rf2 Nf6 25. Ba4 Rf8 26. Bd2 Kg8 27. Rfe2 Nh5
28. Rf2 Nf6 29. Rfe2 Nh5 30. Rf2 1/2-1/2

[Event "Wch Juvenil 2013 sub-16 femenino"]
[Site "Al-Ain UAE"]
[Date "2013.12.27"]
[Round "10.16"]
[White "Alijanzadeh, Mohadeseh"]
[Black "Beinenson, Katsiaryna"]
[Result "0-1"]
[WhiteElo "1846"]
[BlackElo "1961"]
[PlyCount "92"]
[EventDate "2013.12.19"]
[EventType "swiss"]
[EventRounds "11"]
[EventCountry "UAE"]
[Source "lmi"]
[SourceDate "2013.12.19"]

1. e4 c5 2. c3 d5 3. exd5 Qxd5 4. d4 Nf6 5. Nf3 e6 6. Na3 Qd8 7. Nc2 Nc6 8. Be3
cxd4 9. Ncxd4 Nd5 10. Bg5 Be7 11. Nxc6 bxc6 12. Bxe7 Qxe7 13. Bc4 O-O 14. O-O
Bb7 15. Re1 Rad8 16. Qc2 c5 17. Qe2 Nf4 18. Qe3 Qf6 19. Bf1 Nh3+ 20. Kh1 Rd5
21. Ne5 Nxf2+ 22. Kg1 Rfd8 23. Nxf7 Qxf7 24. Qxf2 Qxf2+ 25. Kxf2 Rd2+ 26. Re2
Rf8+ 27. Ke3 Rxe2+ 28. Bxe2 Bxg2 29. Rd1 a5 30. Bc4 Rf3+ 31. Ke2 Rf6 32. Rd6
Bf1+ 33. Ke3 Bxc4 34. b3 Bd5 35. Ra6 Rf3+ 36. Ke2 Rxc3 37. Rxa5 c4 38. b4 Rc2+
39. Ke3 c3 40. a4 Rb2 41. Kd3 c2 42. Rc5 Rxb4 43. Kxc2 Rc4+ 44. Rxc4 Bxc4 45.
Kc3 Bf1 46. a5 Kf7 0-1

[Event "Wch Juvenil 2013 sub-16 femenino"]
[Site "Al-Ain UAE"]
[Date "2013.12.27"]
[Round "10.17"]
[White "Gholami Orimi, Anahita"]
[Black "Xiang, Ellen"]
[Result "1-0"]
[WhiteElo "1817"]
[BlackElo "1954"]
[PlyCount "83"]
[EventDate "2013.12.19"]
[EventType "swiss"]
[EventRounds "11"]
[EventCountry "UAE"]
[Source "lmi"]
[SourceDate "2013.12.19"]

1. d4 Nf6 2. c4 g6 3. Nf3 Bg7 4. g3 O-O 5. Bg2 d5 6. cxd5 Nxd5 7. O-O Nc6 8. e4
Nb6 9. d5 Ne5 10. Nxe5 Bxe5 11. f4 Bg7 12. Nc3 e6 13. e5 exd5 14. Nxd5 Nxd5 15.
Qxd5 Qxd5 16. Bxd5 c6 17. Bf3 f6 18. exf6 Bxf6 19. g4 Bd4+ 20. Kg2 Be6 21. Kg3
Rad8 22. Rd1 Rd7 23. Rd2 Rfd8 24. Rc2 Kf7 25. Be4 h5 26. h3 Kf6 27. Kf3 hxg4+
28. hxg4 Rh7 29. g5+ Kf7 30. Bd2 Rh3+ 31. Kg2 Rdh8 32. Be1 Rh2+ 33. Kf3 Rxc2
34. Bxc2 Rh2 35. Rd1 Bxb2 36. Bb3 Bg7 37. Rd7+ Ke8 38. Bxe6 Ba1 39. Rxb7 Rh1
40. Bb4 Kd8 41. Bd6 Rf1+ 42. Kg2 1-0

[Event "Wch Juvenil 2013 sub-16 femenino"]
[Site "Al-Ain UAE"]
[Date "2013.12.27"]
[Round "10.18"]
[White "Grgic, Neomi"]
[Black "Paramzina, Anastasya"]
[Result "1/2-1/2"]
[WhiteElo "1882"]
[BlackElo "2111"]
[PlyCount "54"]
[EventDate "2013.12.19"]
[EventType "swiss"]
[EventRounds "11"]
[EventCountry "UAE"]
[Source "lmi"]
[SourceDate "2013.12.19"]

1. e4 c5 2. Nf3 d6 3. d4 cxd4 4. Nxd4 Nf6 5. Nc3 a6 6. Bg5 e6 7. Qf3 Be7 8.
O-O-O Nbd7 9. Kb1 Qc7 10. Qg3 Nc5 11. f3 Bd7 12. Nb3 Rc8 13. Be3 Na4 14. Bd2
O-O 15. Bd3 b5 16. f4 e5 17. f5 Qb7 18. Qf3 Bd8 19. g4 Nxc3+ 20. Bxc3 b4 21.
Bd2 d5 22. exd5 Nxd5 23. Be4 Bc6 24. Nc5 Qb6 25. Bxd5 Qxc5 26. Bxc6 Rxc6 27.
Qe4 Be7 1/2-1/2

[Event "Wch Juvenil 2013 sub-16 femenino"]
[Site "Al-Ain UAE"]
[Date "2013.12.27"]
[Round "10.19"]
[White "Drogovoz, Maria"]
[Black "Wafa, Shrook"]
[Result "1-0"]
[WhiteElo "1898"]
[BlackElo "2010"]
[PlyCount "75"]
[EventDate "2013.12.19"]
[EventType "swiss"]
[EventRounds "11"]
[EventCountry "UAE"]
[Source "lmi"]
[SourceDate "2013.12.19"]

1. e4 g6 2. d4 Bg7 3. Nf3 d6 4. Nc3 Nd7 5. h3 a6 6. a4 c5 7. Be3 b6 8. Bc4 h6
9. Qd2 Bb7 10. O-O cxd4 11. Nxd4 Ngf6 12. f3 Ne5 13. Bb3 Rc8 14. f4 Nc4 15.
Bxc4 Rxc4 16. e5 Nh7 17. Qd3 Rc8 18. e6 Bxd4 19. Bxd4 O-O 20. exf7+ Kxf7 21. f5
Nf6 22. fxg6+ Kg7 23. Bxf6+ exf6 24. Ne2 Qc7 25. Nd4 Qc5 26. Kh1 Bxg2+ 27. Kxg2
Qg5+ 28. Kf2 Qh4+ 29. Ke2 Rfe8+ 30. Kd2 Qg5+ 31. Kd1 Qxg6 32. Qxg6+ Kxg6 33.
Kd2 Re5 34. Rf3 Rg5 35. Kd3 h5 36. Raf1 Rf8 37. Ne6 Rd5+ 38. Kc4 1-0

[Event "Wch Juvenil 2013 sub-16 femenino"]
[Site "Al-Ain UAE"]
[Date "2013.12.27"]
[Round "10.20"]
[White "Zahn, Alina"]
[Black "Patel, Yesim"]
[Result "1/2-1/2"]
[WhiteElo "1983"]
[BlackElo "1860"]
[PlyCount "78"]
[EventDate "2013.12.19"]
[EventType "swiss"]
[EventRounds "11"]
[EventCountry "UAE"]
[Source "lmi"]
[SourceDate "2013.12.19"]

1. e4 c5 2. Nf3 Nc6 3. d4 cxd4 4. Nxd4 e5 5. Nb5 d6 6. N1c3 a6 7. Na3 b5 8. Nd5
Nce7 9. Bg5 f6 10. Be3 Nxd5 11. exd5 f5 12. c4 b4 13. Nc2 f4 14. Bd2 a5 15. Bd3
Nf6 16. O-O Be7 17. f3 O-O 18. b3 Nd7 19. a3 Qb6+ 20. Kh1 Nc5 21. Ne1 Bd7 22.
Bc2 Bf6 23. Nd3 Nxd3 24. Bxd3 e4 25. fxe4 Bxa1 26. Qxa1 bxa3 27. Bc3 Rf7 28.
Qxa3 f3 29. c5 Qd8 30. gxf3 Qg5 31. Qb2 Qe3 32. Qe2 Qxc5 33. Bb2 Raf8 34. Rg1
Re8 35. Bc4 Ree7 36. Qg2 Qe3 37. Rf1 Qh6 38. Rg1 Qe3 39. Rf1 Qh6 1/2-1/2

[Event "Wch Juvenil 2013 sub-16 femenino"]
[Site "Al-Ain UAE"]
[Date "2013.12.27"]
[Round "10.21"]
[White "Hiebler, Laura"]
[Black "Srija, Seshadri"]
[Result "1-0"]
[WhiteElo "1840"]
[BlackElo "1980"]
[PlyCount "93"]
[EventDate "2013.12.19"]
[EventType "swiss"]
[EventRounds "11"]
[EventCountry "UAE"]
[Source "lmi"]
[SourceDate "2013.12.19"]

1. c4 Nf6 2. g3 e6 3. Bg2 d5 4. Nf3 c5 5. cxd5 Nxd5 6. O-O Nc6 7. Nc3 Be7 8. d4
Nxc3 9. bxc3 O-O 10. e4 Qd7 11. Be3 Rd8 12. Qc2 cxd4 13. cxd4 b6 14. Rfd1 Bb7
15. Qe2 Qe8 16. Rac1 Ba3 17. Rb1 Rac8 18. Qd3 Be7 19. a3 Qf8 20. Ra1 Na5 21.
Nd2 Bc6 22. Rdc1 Ba4 23. d5 Bf6 24. Bd4 Bb5 25. Qe3 Bxd4 26. Qxd4 Rxc1+ 27.
Rxc1 Qxa3 28. Ra1 Qe7 29. Qb2 Ba6 30. Rc1 exd5 31. exd5 Bb7 32. Qa2 h6 33. Ne4
Bxd5 34. Nf6+ Qxf6 35. Bxd5 Rd7 36. Rc8+ Kh7 37. Rf8 g6 38. Bxf7 Rd1+ 39. Kg2
Qc6+ 40. f3 Rg1+ 41. Kh3 h5 42. Bg8+ Kh6 43. Qf7 Qb7 44. Qf4+ Kg7 45. Qf6+ Kh6
46. Qh8+ Kg5 47. f4# 1-0

[Event "Wch Juvenil 2013 sub-16 femenino"]
[Site "Al-Ain UAE"]
[Date "2013.12.27"]
[Round "10.22"]
[White "Serefidou, Despina"]
[Black "Karimi, Yeganeh"]
[Result "1-0"]
[WhiteElo "1958"]
[BlackElo "1839"]
[PlyCount "89"]
[EventDate "2013.12.19"]
[EventType "swiss"]
[EventRounds "11"]
[EventCountry "UAE"]
[Source "lmi"]
[SourceDate "2013.12.19"]

1. e4 e6 2. d4 d5 3. Nc3 Nf6 4. e5 Nfd7 5. f4 c5 6. Nf3 Nc6 7. Be3 a6 8. Be2 b5
9. Qd2 Qb6 10. Nd1 b4 11. O-O cxd4 12. Nxd4 Nxd4 13. Bxd4 Bc5 14. Bxc5 Nxc5 15.
Qd4 Rb8 16. a3 a5 17. axb4 axb4 18. Nf2 O-O 19. Nd3 Nxd3 20. Qxb6 Rxb6 21. Bxd3
Bd7 22. b3 Bb5 23. Rfc1 h6 24. Ra5 Rfb8 25. Kf2 f6 26. Ke3 Kf7 27. Kd4 R6b7 28.
g4 Bd7 29. h4 Rc7 30. h5 Ke7 31. Rca1 Rcb7 32. Ra7 Kf8 33. Rxb7 Rxb7 34. Ra8+
Ke7 35. Rg8 Kf7 36. Ra8 f5 37. gxf5 exf5 38. Kxd5 Be6+ 39. Kc5 Rd7 40. Kxb4
Rd4+ 41. Kc5 Rxf4 42. Ra7+ Kf8 43. Kd6 Bf7 44. Ra8+ Be8 45. Bb5 1-0

[Event "Wch Juvenil 2013 sub-16 femenino"]
[Site "Al-Ain UAE"]
[Date "2013.12.27"]
[Round "10.24"]
[White "Samudin, Elina"]
[Black "Tursunova, Shakhnoza"]
[Result "0-1"]
[WhiteElo "1564"]
[BlackElo "1937"]
[PlyCount "46"]
[EventDate "2013.12.19"]
[EventType "swiss"]
[EventRounds "11"]
[EventCountry "UAE"]
[Source "lmi"]
[SourceDate "2013.12.19"]

1. e4 c5 2. Nc3 Nc6 3. g3 g6 4. Bg2 Bg7 5. d3 e6 6. Be3 d6 7. Nge2 Nd4 8. O-O
Ne7 9. f4 O-O 10. g4 f5 11. g5 e5 12. Ng3 Nec6 13. h4 exf4 14. Bxf4 Ne5 15.
exf5 Nxf5 16. Nxf5 Rxf5 17. Qd2 Rb8 18. Kh1 b6 19. d4 Nc4 20. Bd5+ Rxd5 21. Qe2
Rxd4 22. Nb5 Bb7+ 23. Kg1 Re4 0-1

[Event "Wch Juvenil 2013 sub-16 femenino"]
[Site "Al-Ain UAE"]
[Date "2013.12.27"]
[Round "10.25"]
[White "Imanly, Magrura"]
[Black "Machlik, Monika"]
[Result "1-0"]
[WhiteElo "1786"]
[BlackElo "1936"]
[PlyCount "55"]
[EventDate "2013.12.19"]
[EventType "swiss"]
[EventRounds "11"]
[EventCountry "UAE"]
[Source "lmi"]
[SourceDate "2013.12.19"]

1. e4 Nf6 2. e5 Nd5 3. c4 Nb6 4. d4 d6 5. f4 dxe5 6. fxe5 c5 7. d5 e6 8. d6
Qh4+ 9. Kd2 Qd4+ 10. Kc2 Qxe5 11. Nc3 Bd7 12. Bd3 Qxd6 13. Nf3 Nc6 14. a3 Be7
15. g3 O-O-O 16. Nb5 Qb8 17. Re1 e5 18. Nxe5 Nxe5 19. Rxe5 Be6 20. Bf4 Nxc4 21.
Rxe6 fxe6 22. Qg4 Ne3+ 23. Bxe3 Rd7 24. Qxe6 b6 25. Bf5 Qb7 26. Qxe7 Qg2+ 27.
Kc3 Rhd8 28. Rd1 1-0

[Event "Wch Juvenil 2013 sub-16 femenino"]
[Site "Al-Ain UAE"]
[Date "2013.12.27"]
[Round "10.26"]
[White "Golubeva, Marija"]
[Black "Malassagne, Isabelle"]
[Result "0-1"]
[WhiteElo "1825"]
[BlackElo "2043"]
[PlyCount "59"]
[EventDate "2013.12.19"]
[EventType "swiss"]
[EventRounds "11"]
[EventCountry "UAE"]
[Source "lmi"]
[SourceDate "2013.12.19"]

1. e4 e5 2. Nf3 Nc6 3. Bb5 a6 4. Ba4 Nf6 5. O-O b5 6. Bb3 Bc5 7. d3 O-O 8. Bg5
h6 9. Bh4 d6 10. c3 g5 11. Bg3 Bg4 12. h3 Be6 13. Bc2 Bb6 14. d4 exd4 15. cxd4
Nb4 16. Nc3 Nxc2 17. Qxc2 b4 18. Ne2 Nh5 19. Rad1 Qc8 20. h4 g4 21. Ne1 f5 22.
exf5 Rxf5 23. Qd2 Qf8 24. Qxb4 Re8 25. Nc2 Rb5 26. Qc3 Bxa2 27. Ne3 Bf7 28. b4
Nf6 29. Rb1 Qg7 30. Qc6 0-1

[Event "Wch Juvenil 2013 sub-16 femenino"]
[Site "Al-Ain UAE"]
[Date "2013.12.27"]
[Round "10.27"]
[White "Hong, Xing"]
[Black "Uzlavataya, Anhelina"]
[Result "0-1"]
[WhiteElo "1980"]
[BlackElo "1892"]
[PlyCount "146"]
[EventDate "2013.12.19"]
[EventType "swiss"]
[EventRounds "11"]
[EventCountry "UAE"]
[Source "lmi"]
[SourceDate "2013.12.19"]

1. e4 e5 2. Nf3 Nc6 3. Nc3 Nf6 4. d4 exd4 5. Nxd4 Bc5 6. Nxc6 bxc6 7. Bd3 h6 8.
O-O d6 9. h3 O-O 10. Qf3 Re8 11. Bd2 d5 12. Rae1 Be6 13. e5 Nh7 14. Qg3 Kh8 15.
Kh1 Qd7 16. Ne2 Bf5 17. Bxf5 Qxf5 18. Bc3 Bf8 19. e6 Qxe6 20. Qxc7 Rec8 21. Qg3
Qd7 22. b3 Ng5 23. Qh4 Kg8 24. Ng3 Re8 25. f4 Nh7 26. f5 f6 27. Qh5 Ng5 28. Qg4
Bd6 29. Nh5 Qf7 30. Nf4 Ne4 31. Ba5 Bxf4 32. Qxf4 Re5 33. c4 Rae8 34. Rc1 Rxf5
35. Qh4 Rxf1+ 36. Rxf1 Qg6 37. Kh2 d4 38. Rd1 Qf5 39. Bc7 c5 40. b4 Re7 41. Bg3
g5 42. Qg4 Qxg4 43. hxg4 Rd7 44. bxc5 Nxc5 45. Bf2 Ne6 46. Kg3 Rc7 47. Rc1 d3
48. Kf3 d2 49. Rd1 Rxc4 50. Rxd2 Rc7 51. Rb2 Kf7 52. Be3 Kg6 53. Rb3 Nd8 54.
Kg3 Rd7 55. Rc3 a6 56. Rc5 Rd3 57. Kf3 Ra3 58. Rc2 Nf7 59. Ke4 Ne5 60. Bd4 Nxg4
61. Rb2 Ra4 62. Kd5 h5 63. Bc5 Ne5 64. Bd4 Ng4 65. Bc5 h4 66. a3 Ne5 67. Rb3
Rg4 68. Bd4 Rxg2 69. Bxe5 fxe5 70. Kxe5 Rg3 71. Rb6+ Kh5 72. Rxa6 h3 73. Ra8
Kg4 0-1

[Event "Wch Juvenil 2013 sub-16 femenino"]
[Site "Al-Ain UAE"]
[Date "2013.12.27"]
[Round "10.28"]
[White "Head, Louise"]
[Black "Assaubayeva, Diana"]
[Result "1-0"]
[WhiteElo "1786"]
[BlackElo "1974"]
[PlyCount "87"]
[EventDate "2013.12.19"]
[EventType "swiss"]
[EventRounds "11"]
[EventCountry "UAE"]
[Source "lmi"]
[SourceDate "2013.12.19"]

1. d4 d5 2. c4 c6 3. Nf3 Nf6 4. e3 e6 5. b3 Nbd7 6. Bd3 Be7 7. Nbd2 b6 8. O-O
Bb7 9. Bb2 O-O 10. Ne5 c5 11. Rc1 Rc8 12. f4 Ne4 13. cxd5 exd5 14. Nxe4 dxe4
15. Bc4 Nf6 16. Qe2 Bd5 17. Rfd1 Bxc4 18. Nxc4 Qc7 19. d5 Bd8 20. d6 Qb8 21. d7
Rc6 22. b4 Qb7 23. bxc5 Nxd7 24. cxb6 axb6 25. Nd6 Qc7 26. Nxe4 Rxc1 27. Rxc1
Qb7 28. Qg4 g6 29. Qf3 Qa7 30. Bd4 Qxa2 31. Qh3 Qe6 32. Qh6 f6 33. Ng5 Qe7 34.
Rc6 b5 35. Re6 Qg7 36. Qxg7+ Kxg7 37. Rd6 Nc5 38. Bxc5 fxg5 39. Rd7+ Rf7 40.
Rxd8 gxf4 41. exf4 Rb7 42. Ra8 Kh6 43. g4 b4 44. Bf8+ 1-0

[Event "Wch Juvenil 2013 sub-16 femenino"]
[Site "Al-Ain UAE"]
[Date "2013.12.27"]
[Round "10.30"]
[White "Rojikova, Lenka"]
[Black "Baldi, Valentine"]
[Result "0-1"]
[WhiteElo "1943"]
[BlackElo "1877"]
[PlyCount "66"]
[EventDate "2013.12.19"]
[EventType "swiss"]
[EventRounds "11"]
[EventCountry "UAE"]
[Source "lmi"]
[SourceDate "2013.12.19"]

1. e4 d5 2. exd5 Qxd5 3. Nc3 Qa5 4. d4 c6 5. Bc4 Nf6 6. Nge2 Bf5 7. f3 h6 8.
Bd2 Qd8 9. g4 Bh7 10. Bb3 e6 11. Bf4 Bd6 12. Qd2 Qc7 13. O-O-O Nbd7 14. Rhe1
O-O-O 15. Bxd6 Qxd6 16. Ng3 Nd5 17. Nge4 Qc7 18. Qf2 N7f6 19. Nxd5 cxd5 20.
Nxf6 Qf4+ 21. Re3 gxf6 22. Qd2 Kb8 23. Rc3 Qd6 24. Re3 Bg6 25. Re2 Rdg8 26. Rg2
h5 27. Rdg1 hxg4 28. fxg4 Be4 29. Rg3 Rg7 30. Qf2 Rgh7 31. Qxf6 Rxh2 32. Qxf7
Rf8 33. Qg7 Qf4+ 0-1

[Event "Wch Juvenil 2013 sub-16 femenino"]
[Site "Al-Ain UAE"]
[Date "2013.12.27"]
[Round "10.31"]
[White "Menzi, Nezihe Ezgi"]
[Black "Suchomelova, Simona"]
[Result "1/2-1/2"]
[WhiteElo "1925"]
[BlackElo "1827"]
[PlyCount "89"]
[EventDate "2013.12.19"]
[EventType "swiss"]
[EventRounds "11"]
[EventCountry "UAE"]
[Source "lmi"]
[SourceDate "2013.12.19"]

1. e4 e5 2. Nf3 Nc6 3. Bb5 a6 4. Ba4 Nf6 5. O-O Be7 6. Re1 b5 7. Bb3 d6 8. c3
O-O 9. h3 Nb8 10. d4 Nbd7 11. Nbd2 Bb7 12. Bc2 Re8 13. Nf1 Bf8 14. Ng3 g6 15.
b3 c5 16. d5 Qc7 17. a4 Nb6 18. Bg5 Bg7 19. axb5 axb5 20. Qd2 c4 21. b4 Rxa1
22. Rxa1 Ra8 23. Rxa8+ Bxa8 24. Bh6 Bb7 25. Qg5 Bc8 26. Nh4 Ne8 27. Bxg7 Nxg7
28. Nf3 Qd7 29. Nh2 Qe8 30. Bd1 Qf8 31. Bg4 f6 32. Qe3 Na4 33. Bd1 f5 34. Qd2
f4 35. Ngf1 Nb6 36. Qa2 Bd7 37. Qa5 Qd8 38. Ng4 Ne8 39. Qa2 Kg7 40. Qd2 Nf6 41.
Nxf6 Kxf6 42. Nh2 Qa8 43. Qb2 Na4 44. Qd2 Nb6 45. Qb2 1/2-1/2

[Event "Wch Juvenil 2013 sub-16 femenino"]
[Site "Al-Ain UAE"]
[Date "2013.12.27"]
[Round "10.32"]
[White "Sunyasakta, Satpathy"]
[Black "Markaki, Sofia"]
[Result "0-1"]
[WhiteElo "1899"]
[BlackElo "1789"]
[PlyCount "70"]
[EventDate "2013.12.19"]
[EventType "swiss"]
[EventRounds "11"]
[EventCountry "UAE"]
[Source "lmi"]
[SourceDate "2013.12.19"]

1. e4 c5 2. d4 cxd4 3. c3 dxc3 4. Nxc3 Nc6 5. Nf3 e6 6. Bc4 a6 7. O-O Nge7 8.
Bg5 f6 9. Be3 b5 10. Bb3 Ng6 11. Qe2 Na5 12. Rfd1 Nxb3 13. axb3 Bb7 14. Nd4 Qb8
15. Qd2 Be7 16. Nde2 Bc6 17. Nd4 O-O 18. Nxc6 dxc6 19. Qd7 Qc8 20. f4 Kf7 21.
g3 Rd8 22. Qxc8 Rdxc8 23. Rd7 Ke8 24. Rb7 Nf8 25. Ba7 Rxa7 26. Rxa7 Bc5+ 27.
Kg2 Bxa7 28. Rxa6 Bb8 29. Kf3 Kd7 30. Ra1 Kc7 31. Rc1 Kb6 32. f5 Rd8 33. Ke2
exf5 34. exf5 Re8+ 35. Kf2 Nd7 0-1

[Event "Wch Juvenil 2013 sub-16 femenino"]
[Site "Al-Ain UAE"]
[Date "2013.12.27"]
[Round "10.33"]
[White "Rodsmoen, Maud"]
[Black "Gomez Camacho, Micaela"]
[Result "1/2-1/2"]
[WhiteElo "1772"]
[BlackElo "1898"]
[PlyCount "116"]
[EventDate "2013.12.19"]
[EventType "swiss"]
[EventRounds "11"]
[EventCountry "UAE"]
[Source "lmi"]
[SourceDate "2013.12.19"]

1. e4 c5 2. Nf3 d6 3. d4 cxd4 4. Nxd4 Nf6 5. Nc3 a6 6. Bc4 e6 7. O-O b5 8. Bb3
Be7 9. Qf3 Qc7 10. Qg3 O-O 11. Bh6 Ne8 12. Rad1 Kh8 13. Be3 Nf6 14. a3 Nc6 15.
Nxc6 Qxc6 16. Bd4 Bb7 17. f4 a5 18. e5 dxe5 19. fxe5 Ne4 20. Nxe4 Qxe4 21. Rf4
Qc6 22. Rdf1 Bc5 23. Bxc5 Qxc5+ 24. Qf2 Qxe5 25. Rxf7 Rxf7 26. Qxf7 Qc5+ 27.
Qf2 Qxf2+ 28. Rxf2 Bd5 29. Bxd5 exd5 30. Rf5 Rd8 31. Kf2 g6 32. Re5 Rc8 33. c3
b4 34. Rxd5 bxc3 35. bxc3 Rxc3 36. Rxa5 Kg7 37. Ra7+ Kf6 38. Ra5 h6 39. h3 Rb3
40. Kg1 Rc3 41. Kh2 g5 42. Ra8 Kg6 43. a4 Ra3 44. a5 Kg7 45. a6 Kh7 46. Kg1 Ra2
47. a7 Kg7 48. Kf1 Kh7 49. Ke1 Kg7 50. Kd1 Kh7 51. Kc1 Kg7 52. Kb1 Ra6 53. Kb2
Rb6+ 54. Kc3 Ra6 55. Kb4 Ra1 56. Kc5 Rc1+ 57. Kd5 Rd1+ 58. Ke4 Ra1 1/2-1/2

[Event "Wch Juvenil 2013 sub-16 femenino"]
[Site "Al-Ain UAE"]
[Date "2013.12.27"]
[Round "10.34"]
[White "Haussernot, Cecile"]
[Black "Shao, Stephanie"]
[Result "1-0"]
[WhiteElo "2062"]
[BlackElo "1673"]
[PlyCount "97"]
[EventDate "2013.12.19"]
[EventType "swiss"]
[EventRounds "11"]
[EventCountry "UAE"]
[Source "lmi"]
[SourceDate "2013.12.19"]

1. e4 e5 2. Nf3 Nf6 3. Nxe5 d6 4. Nf3 Nxe4 5. Nc3 Nxc3 6. dxc3 Be7 7. Bf4 Nc6
8. Qd2 Be6 9. Bd3 Qd7 10. a3 a6 11. O-O-O O-O-O 12. h3 Bf6 13. Rhe1 h6 14. g4
Kb8 15. Kb1 Rde8 16. Bg3 g6 17. c4 Bg7 18. Ng1 h5 19. g5 h4 20. Bf4 Ne5 21.
Bxe5 Bxe5 22. Qb4 Bf5 23. Nf3 Qc8 24. Nxe5 dxe5 25. c5 Bxd3 26. Rxd3 c6 27.
Red1 Rd8 28. Qe4 Ka8 29. Qxe5 Rxd3 30. Rxd3 Rd8 31. Rb3 Qd7 32. Ka2 Ka7 33. f4
Ka8 34. Qc3 Qd5 35. Qb4 Rb8 36. a4 Ka7 37. Ka3 Qd1 38. Rc3 Ka8 39. Qc4 Qe1 40.
Qxf7 Qc1 41. Ka2 Rd8 42. Rb3 Rb8 43. Qc4 Rd8 44. Qf7 Rb8 45. f5 Qxg5 46. fxg6
Qxc5 47. g7 Qd5 48. g8=Q Rxg8 49. Qxb7# 1-0